Japan striving for better

Guardado en:
Detalles Bibliográficos
Formato: Libro
Lenguaje:Undetermined
Publicado: Japan Japan Economic Research Institute 1965
Materias:
Etiquetas: Agregar Etiqueta
Sin Etiquetas, Sea el primero en etiquetar este registro!
Thư viện lưu trữ: Trung tâm Học liệu Trường Đại học Cần Thơ
LEADER 00443nam a2200169Ia 4500
001 CTU_97415
008 210402s9999 xx 000 0 und d
082 |a 330 
082 |b J35 
245 0 |a Japan striving for better 
260 |a Japan 
260 |b Japan Economic Research Institute 
260 |c 1965 
650 |a Japan 
650 |x Economic conditions 
904 |i Tuyến 
980 |a Trung tâm Học liệu Trường Đại học Cần Thơ